| 000 -LEADER |
| fixed length control field |
01064nam a2200277Ia 4500 |
| 001 - CONTROL NUMBER |
| control field |
18509 |
| 003 - CONTROL NUMBER IDENTIFIER |
| control field |
GE_BSU |
| 008 - FIXED-LENGTH DATA ELEMENTS--GENERAL INFORMATION |
| fixed length control field |
181216s||||||||xx |||||||||||||| ||und|| |
| 040 ## - CATALOGING SOURCE |
| Transcribing agency |
GE_BSU |
| 080 ## - UNIVERSAL DECIMAL CLASSIFICATION NUMBER |
| Universal Decimal Classification number |
338.48(075.8) |
| 082 ## - DEWEY DECIMAL CLASSIFICATION NUMBER |
| Classification number |
987-9941-17-739-2 |
| 100 ## - MAIN ENTRY--PERSONAL NAME |
| Personal name |
მარგველაშვილი,მაია |
| 245 ## - TITLE STATEMENT |
| Title |
ტურიზმის ეკონომიკა |
| 245 ## - TITLE STATEMENT |
| Remainder of title |
სახელმძღვ. |
| 245 ## - TITLE STATEMENT |
| Statement of responsibility, etc. |
რედ. ჩიქობავა, მალხაზ |
| 260 ## - PUBLICATION, DISTRIBUTION, ETC. |
| Place of publication, distribution, etc. |
თბილისი |
| 260 ## - PUBLICATION, DISTRIBUTION, ETC. |
| Name of publisher, distributor, etc. |
უნივერსალი |
| 260 ## - PUBLICATION, DISTRIBUTION, ETC. |
| Date of publication, distribution, etc. |
2012 |
| 300 ## - PHYSICAL DESCRIPTION |
| Extent |
337 გვ. ; 25 სმ.. |
| 300 ## - PHYSICAL DESCRIPTION |
| Accompanying material |
ბიბლიოგრ.: გვ. 332-337. |
| 653 ## - INDEX TERM--UNCONTROLLED |
| Uncontrolled term |
სახელმძღვ. |
| 653 ## - INDEX TERM--UNCONTROLLED |
| Uncontrolled term |
ტურიზმის ეკონომიკა |
| 653 ## - INDEX TERM--UNCONTROLLED |
| Uncontrolled term |
ტურიზმის ეკონომიკა - სახელმძღვანელოები უმაღლესი სასწავლებლებისათვის |
| 942 ## - ADDED ENTRY ELEMENTS (KOHA) |
| Koha item type |
წიგნი |